JToH Random Acronyms quiz! - Statistics

General Stats
  • This quiz has been taken 121 times
  • The average score is 11 of 20
Answer Stats
Hint Answer % Correct
CoLS Citadel of Laptop Splitting
100%
SoBA Steeple of Buoyant Automations
100%
ToBK Tower of Bloodthirsty Kenos
100%
ToK Tower of Killjoys
100%
ToL Tower of Linonophobia
100%
ToLD Tower of Lotsa Damage
100%
ToTB Tower of Terrifying Beauty
100%
ToV Tower of Versatility
100%
CoWS Citadel of Wacky Strategy
89%
SoMD Steeple of Meaningless Decisions
89%
ToD Tower of Despair
89%
ToEI Tower of Externalizing Insanity
88%
ToH Tower of Hecc
88%
CoIS Citadel of Inside Situations
86%
CoU Citadel of Uneasiness
86%
ToNGUE Tower of Never Giving Up, Ever
86%
ToQT Tower of Questionable Trials
86%
SoWP Steeple of Wall Punching
83%
ToCR Tower of Champion's Road
83%
ToIB Tower of Icy Blizzards
83%
ToSM Tower of Strategic Mechanics
83%
ToTH Tower of Tokyo Heights
83%
CoL Citadel of Lethargy
80%
CoWN Citadel of Weird Nostalgia
80%
SoBJ Steeple of Beginner's Journey
80%
ToAT Tower of Ancient Trickery
80%
ToFF Tower of Floral Fury
80%
ToGF Tower of Generation Failure
80%
ToI Tower of Inception
80%
ToOH Tower of Overcoming Hatred
80%
CoSR Citadel of Scythe Recognition
78%
SoO Steeple of Overgrowth
78%
ToPS Tower of Phone Snapping
78%
ToWER Tower of Winning Every Run
78%
ToDD Tower of Deep Darkness
77%
CoCHS Citadel of Constant Heart Stopping
75%
ToDE Tower of Dangerous Expeditions
75%
ToFN Tower of Frightening Nightmares
75%
ToFT Tower of Funny Thoughts
75%
ToNS Tower of Nervous Sweating
75%
ToNED Tower of Never Ending Dizziness
75%
ToPA Tower of Perilous Antipode
75%
ToR Tower of Rage
75%
ToSH Tower of Spiralling Heights
75%
ToTST Tower of Two Sided Troubles
75%
ToII Tower of Immense Ire
73%
SoP Steeple of Pursuit
71%
ToAM Tower of Augmented Misery
71%
ToE Tower of Elysium
71%
ToF Tower of Fatness
71%
ToFaCT Tower of Frightening and Confusing Trials
71%
ToIE Tower of Impossible Expectations
71%
ToS Tower of Stress
71%
CoHaD Citadel of Heights and Depths
70%
SoVV Steeple of Various Vivariums
70%
ToA Tower of Anger
70%
ToMB Tower of Mind Breaking
70%
ToNP Tower of Nonsensical Platforms
70%
ToU Tower of Ultraviolet
70%
ToGaH Tower of Glitching and Healing
69%
SoOA Steeple of Overgrown Ascension
67%
SoUR Steeple of Uninstalling Roblox
67%
TT Thanos Tower
67%
ToCH Tower of Cold Hands
67%
ToCA Tower of Curved Ascent
67%
ToDS Tower of Deep Sighing
67%
ToFO Tower of Fractured Obstacles
67%
ToGKD Tower of Getting Kinda Disappointed
67%
ToHF Tower of Holy Flip
67%
ToIM Tower of Impossible Movement
67%
ToIII Tower of Insanely Innovative Ideas
67%
ToPP Tower of Pastel Pillars
67%
ToTINT Tower of There Is No Tower
67%
ToT Tower of Traps
67%
ToTJ Tower of Triple Jeopardy
67%
ToTS Tower of True Skill
67%
ToM Tower of Madness
64%
ToSO Tower of Suffering Outside
64%
CoCR Citadel of Contrasting Regions
63%
SoC Steeple of Climbing
63%
ToAA Tower of Aamos' Anger
63%
ToADF Tower of A Depressing Future
63%
ToBH Tower of Big Hole
63%
ToC Tower of Confusion
63%
ToEH Tower of Extreme Hell
63%
SoLW Steeple of Low Woe
60%
ToCP Tower of Cruel Punishment
60%
ToGG Tower of Getting Gnomed
60%
ToJGF Tower of Jolly Good Fun
60%
ToLL Tower of Leaning Ledges
60%
ToTI Tower of Twisted Inquisition
60%
ToUH Tower of Unsettling Heights
60%
SoN Steeple of Nightfall
58%
ToDC Tower of Difficulty Chart
58%
ToO Tower of Oblivion
58%
ToAI Tower of Ancestral Interference
57%
ToBBB Tower of Beat Block Berserk
57%
ToER Tower of Elongated Runs
57%
ToEA Tower of Extraordinary Adventures
57%
ToTEM Tower of Tallying Every Mistake
57%
SoXA Steeple of Xenial Abyss
56%
ToDaD Tower of Dust and Decay
56%
ToOO Tower of Odd Odyssey
56%
ToES Tower of Eternal Suffering
55%
ToLOZ Tower of Losing Our Zeal
55%
ToOOO Tower of Orientating Oscillating Opinions
54%
ToSP Tower of Screen Punching
54%
ToWaW Tower of Witchcraft and Wizardry
54%
ToN Tower of Niflheim
53%
SoFW Steeple of Flourishing Wastelands
50%
SoMB Steeple of Malignant Blight
50%
ToBT Tower of Bent Trauma
50%
ToDM Tower of Downward Mobility
50%
ToFaF Tower of Falling and Failing
50%
ToFSF Tower of Forever-Sleeping Flower
50%
ToIS Tower of Increasing Stress
50%
ToISC Tower of Intense Solar Chaos
50%
ToKY Tower of Keyboard Yeeting
50%
ToRH Tower of Rhythm Heaven
50%
ToRB Tower of Rushed Building
50%
ToSI Tower of Slight Inconvenience
50%
ToTF Tower of Table Flipping
50%
ToTD Tower of Tenebrous Depths
50%
ToWoW Tower of Whirl of Winds
50%
ToYV Tower of Yearning Victory
50%
ToCS Tower of Compact Spaces
45%
ToTM Tower of Terrible Mondays
45%
ToTC Tower of Triangular Covering
45%
SoTP Steeple of Towering Pillars
44%
ToFZ Tower of Fruity Zeal
44%
ToNV Tower of Nice Views
44%
ToCC Tower of Collective Collaboration
43%
ToOC Tower of Obvious Chaos
43%
ToRS Tower of Rigid Success
43%
ToSD Tower of Shattered Dreams
43%
ToWMT Tower of Wanting More Time
43%
SoWG Steeple of Wicked Grotto
42%
ToHA Tower of High Adrenaline
40%
ToSSS Tower of Somewhat Simple Scaling
40%
ToVE Tower of Verdant Entropy
40%
SoIF Steeple of Infectious Foliage
38%
ToCN Tower of Corrupted Nightmares
38%
ToRR Tower of Radiant Realms
38%
ToUS Tower of Uneasy Scaling
38%
ToWF Tower of Wicked Fortress
38%
SoHP Steeple of Huge Pain
36%
ToDL Tower of Diverging Layers
33%
ToEP Tower of Environmental Pain
33%
ToLLL Tower of Largely Limited Luminance
33%
ToVT Tower of Viaduct Traversing
33%
ToVF Tower of Voluminous Framework
33%
ToWIA Tower of Whisking It All
33%
CoTE Citadel of True Exasperation
30%
ToDR Tower of Dispersed Rooms
30%
ToMT Tower of Mean Tasks
30%
SoLIQ Steeple of Lost In Quiescence
29%
ToSW Tower of Shallow Waters
29%
ToDA Tower of Distorted Aerodynamics
27%
ToFL Tower of Feeling Lazy
27%
ToGO Tower of Great Overcomings
27%
ToNBA Tower of Needing Basic Aptitude
27%
SoRIS Steeple of Resort In Stasis
25%
ToCWC Tower of Corner Wedge Climbing
25%
ToEW Tower of Excessive Weirdness
25%
ToSR Tower of Shadowy Radiance
25%
ToWH Tower of Wall Hugging
25%
SoDS Steeple of Devil's Snare
22%
ToFS Tower of Flustering Sections
22%
ToFJ Tower of Friendly Jumps
22%
SoGL Steeple of Guiding Lights
20%
ToIC Tower of Inverted Colours
20%
ToMD Tower of Mechanical Disarray
20%
SoD Steeple of Descendance
17%
ToVA Tower of Vibrant Adventures
17%
SoMA Steeple of Midnight Acropolis
13%
SoFF Steeple of Feudal Foliage
11%
SoRA Steeple of Ruinous Abate
11%
SoGP Steeple of Greenhouse Placidity
0%
SoII Steeple of Involuntary Isolation
0%
ToCB Tower of Climactic Beats
0%
No matching quizzes found
Score Distribution
Percent of People with Each Score
Percentile by Number Answered
Your Score History
You have not taken this quiz